Statistics for Countries that receive the most US aid

Click here to take the quiz!

General Stats

  • This quiz has been taken 26 times
  • The average score is 8 of 11

Answer Stats

HintAid RecievedAnswer% Correct
5$760.17 MnAfghanistan
96%
1$1.17 BnIraq
96%
3$819.37 MnSyria
92%
4$806.91 MnEthiopia
79%
9$633.60 MnYemen
79%
8$672.06 MnDR Congo
75%
7$739.50 MnNigeria
75%
10$591.36 MnKenya
63%
11$590.68 MnLebanon
54%
6$749.53 MnSouth Sudan
50%
2$1.16 BnJordan
46%

Score Distribution

Percentile by Number Answered

Percent of People with Each Score

Your Score History

You have not taken this quiz